[Event "European Youth Chess Championship B10"]
[Site "Prague, Top Hotel Prague"]
[Date "2016.08.27"]
[Round "9.52"]
[White "Djurovic, Peko"]
[Black "Vergara, Anton Diego"]
[Result "1-0"]
[WhiteElo "1577"]
[BlackElo "1436"]
[PlyCount "77"]
[EventDate "2016.08.18"]

1. e4 c5 2. Nf3 e6 3. d4 cxd4 4. Nxd4 Nf6 5. Nc3 d6 6. Be3 Nc6 7. Be2 Be7 8. f3
O-O 9. g4 a6 10. g5 Nd7 11. h4 Nc5 12. Qd2 Bd7 13. O-O-O b5 14. Nxc6 Bxc6 15.
a3 Qc7 16. Rdg1 Rfb8 17. h5 a5 18. g6 b4 19. gxh7+ Kxh7 20. Bxc5 dxc5 21. Qd3
Qd6 22. e5+ Qxd3 23. Bxd3+ Kh6 24. Ne4 bxa3 25. bxa3 c4 26. Bxc4 Bxa3+ 27. Kd2
Rd8+ 28. Ke3 Bxe4 29. Kxe4 Bc5 30. Rd1 Rxd1 31. Rxd1 Kxh5 32. Rh1+ Kg6 33. Bd3
f5+ 34. Kf4 a4 35. Bc4 a3 36. Bxe6 Ra4+ 37. c4 a2 38. Bd7 a1=Q 39. Be8# 1-0

[Event "European Youth Chess Championship B10"]
[Site "Prague, Top Hotel Prague"]
[Date "2016.08.27"]
[Round "9.53"]
[White "Kopaloff, Liam"]
[Black "Andreev, Konstantin"]
[Result "1-0"]
[WhiteElo "1479"]
[BlackElo "1206"]
[PlyCount "73"]
[EventDate "2016.08.18"]

1. e4 e5 2. Nf3 Nc6 3. c3 Nf6 4. d4 exd4 5. e5 Nd5 6. Qb3 Nb6 7. cxd4 d5 8. Bf4
Be7 9. Nbd2 O-O 10. Bd3 Be6 11. O-O Rc8 12. Rac1 f6 13. Bb1 fxe5 14. Bxe5 Nxe5
15. Nxe5 Bg5 16. Ndf3 Rxf3 17. Nxf3 Bxc1 18. Rxc1 Qf6 19. Qd3 h6 20. Ne5 Qg5
21. Re1 c5 22. h4 Qd8 23. Qh7+ Kf8 24. Qh8+ Ke7 25. Qxg7+ Kd6 26. Nd3 Qc7 27.
Qe5+ Kc6 28. Qxe6+ Kb5 29. Nxc5 a6 30. Bd3+ Nc4 31. b3 Qc6 32. bxc4+ dxc4 33.
Qxc4+ Kb6 34. Re6 Qxe6 35. Qxe6+ Ka7 36. Qxc8 b6 37. Qb7# 1-0

[Event "European Youth Chess Championship B10"]
[Site "Prague, Top Hotel Prague"]
[Date "2016.08.27"]
[Round "9.54"]
[White "Korsinskij, Marek"]
[Black "Burdot, Louis"]
[Result "1/2-1/2"]
[WhiteElo "1468"]
[BlackElo "1202"]
[PlyCount "62"]
[EventDate "2016.08.18"]

1. e4 e5 2. Nf3 d5 3. Nxe5 Bd6 4. d4 dxe4 5. Bc4 Bxe5 6. Qh5 Qe7 7. dxe5 Nc6 8.
Bg5 Qb4+ 9. Nd2 g6 10. Qe2 Qxb2 11. Rd1 Qxe5 12. Nxe4 Bf5 13. Nf6+ Nxf6 14.
Qxe5+ Nxe5 15. Bxf6 Nxc4 16. Bxh8 Ke7 17. Bc3 Bg4 18. Rd4 Be6 19. O-O Nb6 20.
a3 Nd5 21. Bb4+ Nxb4 22. Rxb4 b6 23. Rd1 Rd8 24. Rxd8 Kxd8 25. Kf1 a5 26. Rf4
Ke7 27. Ke2 Kd6 28. Kf3 h5 29. Ke3 c6 30. h4 f5 31. Rd4+ Kc5 1/2-1/2

[Event "European Youth Chess Championship B10"]
[Site "Prague, Top Hotel Prague"]
[Date "2016.08.27"]
[Round "9.56"]
[White "Weissenhofer, Jonas"]
[Black "Simon, Leonard"]
[Result "0-1"]
[WhiteElo "1402"]
[BlackElo "1135"]
[PlyCount "62"]
[EventDate "2016.08.18"]

1. e4 c5 2. Nf3 Nc6 3. d4 cxd4 4. Nxd4 g6 5. Nc3 Bg7 6. Be3 Nf6 7. Be2 O-O 8.
Qd2 d5 9. exd5 Nxd5 10. O-O-O Nxe3 11. fxe3 Nxd4 12. exd4 a5 13. g4 Qb6 14. Nd5
Qd6 15. Nf4 Bh6 16. Rhf1 Bxf4 17. Rxf4 Be6 18. Kb1 Rfb8 19. h4 b5 20. Bf3 Ra7
21. d5 Bd7 22. Qd4 Raa8 23. Rd2 a4 24. c3 Ra5 25. Re2 Rc8 26. Rfe4 e6 27. Rf4
Rc4 28. Qf6 Rxf4 29. Qd8+ Kg7 30. Qxa5 Rxf3 31. Qd8 Qxd5 0-1

[Event "European Youth Chess Championship B10"]
[Site "Prague, Top Hotel Prague"]
[Date "2016.08.27"]
[Round "9.57"]
[White "Sustek, Adam"]
[Black "Zlatkov, Anton"]
[Result "1/2-1/2"]
[WhiteElo "1368"]
[BlackElo "1196"]
[PlyCount "67"]
[EventDate "2016.08.18"]

1. e4 e5 2. Nf3 Nc6 3. Bc4 Nf6 4. d3 Bc5 5. c3 d6 6. a4 a6 7. Bg5 h6 8. Bh4 g5
9. Bg3 Bg4 10. h3 Bh5 11. Nbd2 Qd7 12. b4 Ba7 13. Qb3 Rb8 14. b5 Na5 15. Qb4
Nxc4 16. Qxc4 axb5 17. axb5 Bb6 18. Ke2 Ke7 19. Ra2 c6 20. bxc6 Qxc6 21. Qxc6
bxc6 22. Rb1 Bxf3+ 23. Kxf3 Bc7 24. Ra7 Rxb1 25. Nxb1 Rc8 26. Na3 Ke8 27. Nc4
Nd7 28. d4 f6 29. h4 d5 30. exd5 cxd5 31. Ne3 e4+ 32. Kg4 Bxg3 33. fxg3 Rxc3
34. Nxd5 1/2-1/2

[Event "European Youth Chess Championship B10"]
[Site "Prague, Top Hotel Prague"]
[Date "2016.08.27"]
[Round "9.58"]
[White "Davidov, Lazar"]
[Black "Gotsiridze, Davit"]
[Result "0-1"]
[WhiteElo "1292"]
[BlackElo "1075"]
[PlyCount "38"]
[EventDate "2016.08.18"]

1. d4 c5 2. Nf3 Nf6 3. e3 d5 4. c3 c4 5. b3 cxb3 6. axb3 Nc6 7. Bd3 Bg4 8. Nbd2
e6 9. O-O Be7 10. Qc2 O-O 11. Ne5 Qb6 12. Ra3 g6 13. h3 Bf5 14. Bxf5 exf5 15.
Nxc6 bxc6 16. Ra1 Bd6 17. Qa2 Ne4 18. Nxe4 fxe4 19. Rd1 Rfd8 0-1

[Event "European Youth Chess Championship B10"]
[Site "Prague, Top Hotel Prague"]
[Date "2016.08.27"]
[Round "9.60"]
[White "Shelukhin, Ivan"]
[Black "Akulov, Mikhail"]
[Result "0-1"]
[WhiteElo "1158"]
[BlackElo "1542"]
[PlyCount "60"]
[EventDate "2016.08.18"]

1. e4 c5 2. Nf3 e6 3. d4 cxd4 4. Nxd4 Nc6 5. Nc3 d6 6. Be3 Nf6 7. Bf4 Nxd4 8.
Qxd4 e5 9. Bxe5 dxe5 10. Qxe5+ Qe7 11. Bb5+ Bd7 12. Qxe7+ Bxe7 13. f3 O-O 14.
Bxd7 Nxd7 15. O-O-O Nb6 16. Nd5 Bg5+ 17. Kb1 Nxd5 18. Rxd5 Be3 19. Re1 Bb6 20.
Red1 Rfd8 21. c3 Kf8 22. Rxd8+ Rxd8 23. Rxd8+ Bxd8 24. Kc2 Ke7 25. Kd3 Ke6 26.
Ke3 Bb6+ 27. Ke2 a5 28. b3 Bc5 29. a4 Bd6 30. g3 g5 0-1

[Event "European Youth Chess Championship B10"]
[Site "Prague, Top Hotel Prague"]
[Date "2016.08.27"]
[Round "9.61"]
[White "Sahinoz, Giulio O"]
[Black "Kanak, Matyas"]
[Result "1-0"]
[WhiteElo "1385"]
[BlackElo "1222"]
[PlyCount "43"]
[EventDate "2016.08.18"]

1. d4 d5 2. c4 c6 3. e3 e6 4. Bd3 Nf6 5. Nc3 Nbd7 6. Nf3 Be7 7. O-O O-O 8. Qe2
b6 9. e4 dxe4 10. Nxe4 Bb7 11. Rd1 Rc8 12. Bc2 Re8 13. Ne5 Bf8 14. Bg5 g6 15.
Nxd7 Qxd7 16. Nxf6+ Kh8 17. Nxd7 Bg7 18. Nf6 Rf8 19. Ne4 Rc7 20. Bf6 Rg8 21.
Bxg7+ Rxg7 22. Nd6 1-0

[Event "European Youth Chess Championship B10"]
[Site "Prague, Top Hotel Prague"]
[Date "2016.08.27"]
[Round "9.62"]
[White "Krasevec, Jan"]
[Black "Michaelides, Alexandros"]
[Result "1/2-1/2"]
[WhiteElo "1336"]
[BlackElo "1177"]
[PlyCount "39"]
[EventDate "2016.08.18"]

1. d4 e6 2. e3 d5 3. f4 Nf6 4. Nf3 Ne4 5. Nbd2 Nxd2 6. Bxd2 Nd7 7. Bd3 c5 8. c3
Bd6 9. O-O O-O 10. Rc1 b6 11. Bb1 Nf6 12. Qc2 g6 13. Ne5 Nd7 14. Nxd7 Qxd7 15.
Rf3 f5 16. Rg3 Ba6 17. Qd1 Qg7 18. h4 h5 19. Qe1 Be7 20. Rf3 1/2-1/2

[Event "European Youth Chess Championship B10"]
[Site "Prague, Top Hotel Prague"]
[Date "2016.08.27"]
[Round "9.65"]
[White "Fava, Achille"]
[Black "Tajovsky, Simon"]
[Result "1-0"]
[WhiteElo "1364"]
[BlackElo "1106"]
[PlyCount "85"]
[EventDate "2016.08.18"]

1. e4 c6 2. d4 d5 3. exd5 cxd5 4. Nc3 Nf6 5. Bf4 Bg4 6. Be2 Bxe2 7. Ngxe2 Nc6
8. Qd3 e6 9. a3 Bd6 10. Qb5 Bxf4 11. Nxf4 O-O 12. O-O-O a6 13. Qxb7 Qd6 14.
Nfxd5 Nxd5 15. Nxd5 Qxd5 16. f3 Qd6 17. Qb6 Rfb8 18. Qc5 Qxc5 19. dxc5 Rb5 20.
b4 a5 21. Rd6 Rc8 22. Rhd1 h6 23. c4 Rb7 24. b5 Ne5 25. Rd8+ Rxd8 26. Rxd8+ Kh7
27. c6 Nxc6 28. bxc6 Rc7 29. Rd6 Kg6 30. Kb2 Kf6 31. Kb3 Ke7 32. c5 Rc8 33. Ka4
Rd8 34. Rxd8 Kxd8 35. Kxa5 Kc7 36. Kb5 f5 37. a4 e5 38. a5 e4 39. a6 e3 40. a7
e2 41. a8=Q e1=Q 42. Qb7+ Kd8 43. Qd7# 1-0

[Event "European Youth Chess Championship B10"]
[Site "Prague, Top Hotel Prague"]
[Date "2016.08.27"]
[Round "9.66"]
[White "Richter, Rudolf"]
[Black "Ruggiero, Alessandro"]
[Result "1-0"]
[WhiteElo "1262"]
[BlackElo "1102"]
[PlyCount "79"]
[EventDate "2016.08.18"]

1. e4 c5 2. d4 cxd4 3. c3 dxc3 4. Nxc3 e6 5. Nf3 d6 6. Bc4 Nf6 7. O-O Be7 8.
Qe2 O-O 9. Rd1 Qc7 10. Bg5 Nbd7 11. Rac1 Qb8 12. Bb3 b6 13. Rd4 Nc5 14. Bc4 Bb7
15. Bd3 Nxd3 16. Qxd3 h6 17. Bxf6 Bxf6 18. Rxd6 Rd8 19. Rxd8+ Bxd8 20. Rd1 Bc7
21. Qd7 Qd8 22. Qb5 Qb8 23. Rd7 a6 24. Qd3 Kf8 25. a4 a5 26. Qd4 Kg8 27. Nb5
Bf4 28. Qxb6 Bxe4 29. Qd4 Bc6 30. Re7 Bxb5 31. axb5 Bd6 32. Rd7 Bc7 33. Qc5 Bb6
34. Qc6 Ra7 35. Rxa7 Bxa7 36. b3 Bb6 37. h3 Kf8 38. Ne5 Qc7 39. Nd7+ Kg8 40.
Nxb6 1-0

[Event "European Youth Chess Championship B10"]
[Site "Prague, Top Hotel Prague"]
[Date "2016.08.27"]
[Round "9.67"]
[White "Pilalis, Ernestos"]
[Black "Dieguez, Novoa Benjamin"]
[Result "1-0"]
[WhiteElo "1107"]
[BlackElo "1068"]
[PlyCount "49"]
[EventDate "2016.08.18"]

1. e4 c6 2. d4 d5 3. e5 Bf5 4. Nf3 e6 5. h3 Ne7 6. Be2 Ng6 7. O-O Be7 8. Nc3
O-O 9. Re1 c5 10. Bf1 cxd4 11. Nxd4 Nc6 12. Nxf5 exf5 13. Nxd5 Ncxe5 14. Nxe7+
Qxe7 15. f4 Qc5+ 16. Be3 Qc6 17. fxe5 Rfd8 18. Qe2 Nxe5 19. Bxa7 Rxa7 20. Qxe5
g6 21. Rad1 Qb6+ 22. Kh1 Raa8 23. Rxd8+ Rxd8 24. Bd3 Kf8 25. Qh8# 1-0

[Event "European Youth Chess Championship B10"]
[Site "Prague, Top Hotel Prague"]
[Date "2016.08.27"]
[Round "9.70"]
[White "Thoreux-Josso, Aaron"]
[Black "Guri, Adrian"]
[Result "1-0"]
[WhiteElo "1124"]
[BlackElo "1202"]
[PlyCount "43"]
[EventDate "2016.08.18"]

1. e4 c6 2. d4 d5 3. exd5 cxd5 4. c4 e6 5. Nc3 Nc6 6. Nf3 g6 7. cxd5 exd5 8.
Bb5 Bd7 9. Nxd5 a6 10. Bxc6 Bxc6 11. Nc3 Bg7 12. O-O Ne7 13. Re1 O-O 14. Bg5
Re8 15. d5 f6 16. dxc6 fxg5 17. Qb3+ Kh8 18. Nxg5 Qc7 19. Nf7+ Kg8 20. cxb7
Rab8 21. Nd6+ Kf8 22. Qf7# 1-0

[Event "European Youth Chess Championship B12"]
[Site "Prague, Top Hotel Prague"]
[Date "2016.08.18"]
[Round "1.1"]
[White "Melkumiants, Alexandr"]
[Black "Bjerre, Jonas"]
[Result "0-1"]
[WhiteElo "1794"]
[BlackElo "2382"]
[PlyCount "66"]
[EventDate "2016.??.??"]
[WhiteClock "0:01:01"]
[BlackClock "0:19:08"]

1. Nf3 Nf6 2. c4 e6 3. g3 b6 4. Bg2 Bb7 5. O-O c5 6. Nc3 Be7 7. Re1 O-O 8. e4
d6 9. d4 cxd4 10. Nxd4 Qc8 11. Be3 a6 12. Rc1 Nbd7 13. f4 Re8 14. b3 Bf8 15.
Bf2 h5 16. h3 g6 17. Nf3 Bc6 18. Nd2 Qb7 19. Bf3 Bh6 20. h4 e5 21. Be3 Nc5 22.
Qc2 exf4 23. Bxf4 Bxf4 24. gxf4 Ne6 25. Ne2 Ng4 26. Bxg4 hxg4 27. Kf2 Qe7 28.
Kg3 Ng7 29. Kxg4 f5+ 30. Kh3 fxe4 31. Nf1 Nf5 32. Nh2 Qxh4+ 33. Kg2 Ne3+ 0-1

[Event "European Youth Chess Championship B12"]
[Site "Prague, Top Hotel Prague"]
[Date "2016.08.18"]
[Round "1.2"]
[White "Pogosyan, Stefan"]
[Black "Kevlishvili, Nika"]
[Result "0-1"]
[WhiteElo "2200"]
[BlackElo "1788"]
[PlyCount "120"]
[EventDate "2016.??.??"]
[WhiteClock "0:01:19"]
[BlackClock "0:02:24"]

1. d4 d5 2. c4 dxc4 3. Nf3 Nf6 4. Nc3 e6 5. e3 c5 6. Bxc4 cxd4 7. exd4 Be7 8.
O-O O-O 9. Re1 Nbd7 10. a3 Nb6 11. Ba2 Bd7 12. Ne5 Bc6 13. Nxc6 bxc6 14. Bf4
Nbd5 15. Nxd5 cxd5 16. Rc1 Qb6 17. Re2 Nh5 18. Bc7 Qb7 19. Rec2 Bg5 20. Rb1 Bf4
21. Ba5 Nf6 22. g3 Bd6 23. Rbc1 Rac8 24. b4 Nd7 25. Qd3 Nb6 26. Bb3 Rxc2 27.
Rxc2 Rc8 28. a4 g6 29. b5 Rxc2 30. Qxc2 Qc7 31. Qxc7 Bxc7 32. Bb4 Nc8 33. Kf1
Bd6 34. Bc5 Bc7 35. Ke2 Kg7 36. Kd3 Ba5 37. Ba3 Kf6 38. Bc1 g5 39. f3 Nd6 40.
Ba3 Nc8 41. Bb2 h5 42. Bc3 Bc7 43. Be1 Nd6 44. h3 Nf5 45. g4 Nh4 46. Bb4 Nxf3
47. Bc5 Bb8 48. Kc3 Ng1 49. a5 Nxh3 50. gxh5 g4 51. Bd1 g3 52. Bf3 Ng5 53. Bg2
Ne4+ 54. Kb4 Nd6 55. Bxa7 Bxa7 56. b6 Bb8 57. a6 Nc8 58. Kc5 Na7 59. h6 Kg6 60.
bxa7 Bxa7+ 0-1

[Event "European Youth Chess Championship B12"]
[Site "Prague, Top Hotel Prague"]
[Date "2016.08.18"]
[Round "1.3"]
[White "Abelakiotis, Stavros"]
[Black "Gharibyan, Mamikon"]
[Result "0-1"]
[WhiteElo "1784"]
[BlackElo "2194"]
[PlyCount "120"]
[EventDate "2016.??.??"]
[WhiteClock "0:00:59"]
[BlackClock "0:20:50"]

1. e4 c5 2. Nf3 d6 3. d4 cxd4 4. Nxd4 Nf6 5. f3 e6 6. c4 Be7 7. Nc3 a6 8. Be3
Nbd7 9. Be2 O-O 10. O-O Qc7 11. Rc1 b6 12. Qd2 Bb7 13. b3 Rac8 14. Rfd1 Rfd8
15. Bf1 h6 16. Qf2 Qb8 17. Kh1 Bf8 18. Nde2 Ba8 19. Nf4 Rc7 20. Rc2 Rdc8 21.
Rdc1 Qb7 22. a3 d5 23. exd5 e5 24. Nd3 Bxa3 25. Ra1 Bd6 26. Qg3 Kh8 27. Rca2 b5
28. Rxa6 bxc4 29. bxc4 Rxc4 30. Rxd6 Rxc3 31. Qh4 R3c4 32. Qh3 Qc7 33. Rda6
Bxd5 34. Ra7 Qd6 35. R1a6 R4c6 36. Ra1 Be6 37. Qh4 Rc3 38. R7a6 Qd5 39. Nb4 Qb7
40. Ra7 Qb8 41. Ra8 Qxa8 42. Rxa8 Rxa8 43. Bd2 Ra1 44. Be1 Nc5 45. Qf2 Rcc1 46.
Nc2 Rxc2 47. Qxc2 Rxe1 48. Kg1 Nb3 49. Kf2 Rc1 50. Qb2 Rc5 51. Bd3 g6 52. h3
Kg7 53. Bc2 Nd4 54. Bd3 Nd5 55. g3 Ra5 56. Bc4 Nf4 57. Qb4 Ra2+ 58. Kf1 Bxh3+
59. Kg1 Nxf3+ 60. Kh1 Bg2# 0-1

[Event "European Youth Chess Championship B12"]
[Site "Prague, Top Hotel Prague"]
[Date "2016.08.18"]
[Round "1.4"]
[White "Gines, Esteo Pedro Antonio"]
[Black "Misiuk, Ernest"]
[Result "1-0"]
[WhiteElo "2194"]
[BlackElo "1783"]
[PlyCount "51"]
[EventDate "2016.??.??"]
[WhiteClock "0:41:10"]
[BlackClock "0:08:03"]

1. d4 Nf6 2. Nf3 g6 3. c4 Bg7 4. Nc3 O-O 5. e4 d6 6. Be3 Nbd7 7. Nd2 e5 8. d5
Nh5 9. g3 f5 10. exf5 gxf5 11. Qxh5 f4 12. Nde4 fxe3 13. fxe3 Nf6 14. Qh4 Nxe4
15. Qxd8 Rxd8 16. Nxe4 Bh6 17. Kd2 Rf8 18. g4 Rf7 19. Be2 Bd7 20. Rhg1 Raf8 21.
g5 Bg7 22. Bh5 Rf2+ 23. Nxf2 Rxf2+ 24. Be2 Bh3 25. e4 Kh8 26. Ke3 1-0

[Event "European Youth Chess Championship B12"]
[Site "Prague, Top Hotel Prague"]
[Date "2016.08.18"]
[Round "1.5"]
[White "Luu, Robert"]
[Black "Suleymanli, Aydin"]
[Result "0-1"]
[WhiteElo "1779"]
[BlackElo "2145"]
[PlyCount "76"]
[EventDate "2016.??.??"]
[WhiteClock "0:06:27"]
[BlackClock "0:02:20"]

1. d4 e6 2. Nf3 Nf6 3. Bg5 h6 4. Bh4 Be7 5. Nbd2 O-O 6. c3 b6 7. e4 d5 8. Bd3
Bb7 9. Qe2 c5 10. O-O Nc6 11. Bxf6 Bxf6 12. e5 Be7 13. Rac1 a5 14. a4 Bc8 15.
Bb5 Na7 16. Bd3 Nc6 17. Rfe1 Bd7 18. Nf1 f5 19. Red1 Qe8 20. Bb5 Rd8 21. Ne3 g5
22. Ne1 h5 23. g3 Qg6 24. N3g2 Kg7 25. f4 Rh8 26. Kf2 h4 27. Nf3 h3 28. Ne3
gxf4 29. gxf4 Bh4+ 30. Nxh4 Rxh4 31. Qf3 Qh6 32. Ke2 Rxf4 33. Qg3+ Kf7 34. Bxc6
Rg8 35. Qxg8+ Kxg8 36. Bxd7 Re4 37. Bxe6+ Qxe6 38. Kf3 Qh6 0-1

[Event "European Youth Chess Championship B12"]
[Site "Prague, Top Hotel Prague"]
[Date "2016.08.18"]
[Round "1.6"]
[White "Oglaza, Oskar"]
[Black "Rosol, Alexander"]
[Result "1-0"]
[WhiteElo "2128"]
[BlackElo "1779"]
[PlyCount "57"]
[EventDate "2016.??.??"]
[WhiteClock "1:13:37"]
[BlackClock "0:26:13"]

1. e4 e5 2. Nf3 Nc6 3. d4 exd4 4. Nxd4 Bc5 5. Nb3 Be7 6. Nc3 Nf6 7. Be3 d6 8.
f3 a6 9. Qd2 b5 10. O-O-O Ne5 11. Be2 O-O 12. g4 c5 13. g5 Nfd7 14. Nd5 Nb6 15.
Nxe7+ Qxe7 16. Na5 Be6 17. Qxd6 Qxd6 18. Rxd6 Nbc4 19. Nxc4 Bxc4 20. Bd1 Rfc8
21. f4 Ng6 22. Bg4 Re8 23. e5 Nxe5 24. fxe5 Rxe5 25. Bf4 Rd5 26. Rxd5 Bxd5 27.
Rd1 Bb7 28. Rd7 Bc6 29. Rc7 1-0

[Event "European Youth Chess Championship B12"]
[Site "Prague, Top Hotel Prague"]
[Date "2016.08.18"]
[Round "1.7"]
[White "Hakobyan, Eduard"]
[Black "Karacsonyi, Gellert"]
[Result "1-0"]
[WhiteElo "1776"]
[BlackElo "2122"]
[PlyCount "103"]
[EventDate "2016.??.??"]
[WhiteClock "0:17:08"]
[BlackClock "0:08:57"]

1. e4 e6 2. d4 b6 3. Nf3 Bb7 4. Bd3 c5 5. c3 Nf6 6. Qe2 d5 7. e5 Nfd7 8. Ng5
Be7 9. Qh5 g6 10. Qh6 Bf8 11. Qh3 Bg7 12. Na3 a6 13. f4 Nc6 14. Be3 Qe7 15. O-O
c4 16. Bxc4 h6 17. Nf3 dxc4 18. Nxc4 O-O-O 19. Nd6+ Kb8 20. Nxb7 Kxb7 21. Nd2
f5 22. Qf3 g5 23. Nc4 g4 24. Qe2 Bf8 25. Nd6+ Ka7 26. b4 Qg7 27. Qc4 Bxd6 28.
Qxc6 Nb8 29. Qc4 Bc7 30. Qxe6 Qd7 31. Qxd7 Rxd7 32. Rad1 b5 33. d5+ Bb6 34. Bc5
Rc7 35. d6 Rd7 36. e6 Rdd8 37. d7 Rh7 38. Rfe1 Re7 39. Rd5 Bxc5+ 40. bxc5 Kb7
41. Kf2 Nxd7 42. exd7 Rexd7 43. Rxf5 Rd3 44. Re3 Rd2+ 45. Re2 R2d3 46. Rf6 Rxc3
47. Re7+ Kb8 48. Rb6+ Kc8 49. Rxa6 Kb8 50. c6 Rd2+ 51. Ke1 Rdc2 52. Rb7+ 1-0

[Event "European Youth Chess Championship B12"]
[Site "Prague, Top Hotel Prague"]
[Date "2016.08.18"]
[Round "1.8"]
[White "Mitev, Valentin"]
[Black "Motiu, Victor"]
[Result "1-0"]
[WhiteElo "2119"]
[BlackElo "1774"]
[PlyCount "75"]
[EventDate "2016.??.??"]
[WhiteClock "0:22:28"]
[BlackClock "0:02:51"]

1. d4 d5 2. Nf3 e6 3. c4 Nf6 4. Nc3 Be7 5. Bg5 O-O 6. e3 b6 7. cxd5 Nxd5 8.
Bxe7 Qxe7 9. Rc1 Bb7 10. Bd3 c6 11. Ne5 Nf6 12. Ne4 Nxe4 13. Bxe4 Rc8 14. O-O
f6 15. Nd3 Nd7 16. Qb3 Nf8 17. Rc3 Rc7 18. Rfc1 Rac8 19. a4 Qf7 20. Qa3 Nd7 21.
Qd6 Nb8 22. a5 Qe7 23. Qg3 Nd7 24. Nf4 e5 25. Nd5 cxd5 26. Rxc7 Rxc7 27. Rxc7
dxe4 28. Rxb7 Qd6 29. h3 g6 30. Qg4 f5 31. Qh4 Nf8 32. Qh6 Qf6 33. d5 f4 34. a6
f3 35. Rxa7 fxg2 36. Qg7+ Qxg7 37. Rxg7+ Kxg7 38. a7 1-0

[Event "European Youth Chess Championship B12"]
[Site "Prague, Top Hotel Prague"]
[Date "2016.08.18"]
[Round "1.9"]
[White "Nguyen, Thai Dai Vinh"]
[Black "Ahmadzada, Ahmad"]
[Result "0-1"]
[WhiteElo "1774"]
[BlackElo "2113"]
[PlyCount "60"]
[EventDate "2016.??.??"]
[WhiteClock "0:09:08"]
[BlackClock "1:11:29"]

1. e4 c5 2. Nf3 e6 3. d4 cxd4 4. Nxd4 d6 5. Nc3 Nc6 6. Be3 Nf6 7. f3 Be7 8. Qd2
O-O 9. g4 Nxd4 10. Bxd4 a6 11. O-O-O Nd7 12. Kb1 b5 13. h4 Bb7 14. g5 Rc8 15.
Bh3 Ne5 16. Qf2 Qc7 17. h5 b4 18. Bxe5 dxe5 19. Na4 Bxg5 20. Rhg1 Bh6 21. b3 a5
22. Rg2 Rfd8 23. Qg1 Rxd1+ 24. Qxd1 Rd8 25. Qg1 Bc6 26. Nc5 Kh8 27. Nd3 Bb5 28.
Nb2 Qc3 29. Rg3 Rd2 30. Qc1 Re2 0-1

[Event "European Youth Chess Championship B12"]
[Site "Prague, Top Hotel Prague"]
[Date "2016.08.18"]
[Round "1.10"]
[White "Tsaruk, Maksim"]
[Black "Stremavicius, Pijus"]
[Result "0-1"]
[WhiteElo "2098"]
[BlackElo "1771"]
[PlyCount "46"]
[EventDate "2016.??.??"]
[WhiteClock "0:00:56"]
[BlackClock "1:05:50"]

1. e4 c5 2. Nf3 Nc6 3. d4 cxd4 4. Nxd4 Nf6 5. Nc3 d6 6. Bg5 Bd7 7. Bxf6 gxf6 8.
Bc4 a6 9. Qh5 Ne5 10. Bb3 Qa5 11. Bxf7+ Kd8 12. f4 Bg4 13. Qh4 Qb4 14. fxe5
Qxb2 15. Kd2 Rc8 16. Nce2 Bxe2 17. Ne6+ Kd7 18. Rhc1 Bb5 19. Qh3 f5 20. Qxf5
Bh6+ 21. Ng5+ Kd8 22. a4 Qd4+ 23. Ke1 Qe3+ 0-1

[Event "European Youth Chess Championship B12"]
[Site "Prague, Top Hotel Prague"]
[Date "2016.08.18"]
[Round "1.11"]
[White "Vojta, Jakub"]
[Black "Tsvetkov, Andrey"]
[Result "1-0"]
[WhiteElo "1771"]
[BlackElo "2096"]
[PlyCount "63"]
[EventDate "2016.??.??"]
[WhiteClock "0:30:35"]
[BlackClock "0:00:46"]

1. e4 c5 2. Nc3 d6 3. f4 Nc6 4. Nf3 Nf6 5. Bc4 g6 6. O-O Bg7 7. d3 e6 8. f5
exf5 9. Qe1 O-O 10. Qh4 fxe4 11. dxe4 Be6 12. Bxe6 fxe6 13. Bg5 Qe7 14. Rf2 Rf7
15. Raf1 Raf8 16. e5 dxe5 17. Ne4 Qc7 18. Nxc5 Qd6 19. Be3 Nd5 20. Ng5 Bf6 21.
Nxf7 Rxf7 22. Rxf6 Rxf6 23. Rxf6 Nxe3 24. Nd3 Nf5 25. Qc4 Ncd4 26. Nxe5 Nc6 27.
Nxc6 Kg7 28. Rxe6 Qd1+ 29. Qf1 Qd5 30. Qe2 Kh6 31. Ne7 Qc5+ 32. Kh1 1-0

[Event "European Youth Chess Championship B12"]
[Site "Prague, Top Hotel Prague"]
[Date "2016.08.18"]
[Round "1.12"]
[White "Dardha, Daniel"]
[Black "Malkoc, Tilen"]
[Result "1-0"]
[WhiteElo "2095"]
[BlackElo "1770"]
[PlyCount "63"]
[EventDate "2016.??.??"]
[WhiteClock "0:45:27"]
[BlackClock "0:16:31"]

1. e4 c6 2. d4 d5 3. Nd2 dxe4 4. Nxe4 Bf5 5. Ng3 Bg6 6. Nh3 e6 7. Nf4 Nf6 8. h4
Bf5 9. Nxf5 exf5 10. h5 Ne4 11. c3 Nd7 12. Bc4 Nd6 13. Bd3 Qe7+ 14. Be3 O-O-O
15. Qc2 Qf6 16. O-O-O g5 17. hxg6 fxg6 18. d5 Ne5 19. Bxa7 Bh6 20. Rxh6 Qg5 21.
Be3 Qxh6 22. Ne6 Qh2 23. Bf4 Nxd3+ 24. Qxd3 Qxg2 25. Nxd8 Rxd8 26. dxc6 Nf7 27.
cxb7+ Kxb7 28. Qb5+ Ka7 29. Be3+ Ka8 30. Rxd8+ Nxd8 31. Qa6+ Kb8 32. Bf4# 1-0

[Event "European Youth Chess Championship B12"]
[Site "Prague, Top Hotel Prague"]
[Date "2016.08.18"]
[Round "1.13"]
[White "Torngren, Gustav"]
[Black "Subelj, Jan"]
[Result "0-1"]
[WhiteElo "1764"]
[BlackElo "2088"]
[PlyCount "144"]
[EventDate "2016.08.18"]

1. d4 Nf6 2. c4 e6 3. Nf3 d5 4. Nc3 Be7 5. Bg5 h6 6. Bh4 O-O 7. e3 b6 8. Rc1
Bb7 9. Bxf6 Bxf6 10. cxd5 exd5 11. Bd3 Re8 12. O-O Nd7 13. Nb5 Rc8 14. Nxa7 Ra8
15. Nb5 c6 16. Nc3 Nf8 17. Qb3 Ne6 18. Na4 Ba6 19. Rfd1 Bc4 20. Bxc4 dxc4 21.
Qc2 b5 22. Nc3 Nc7 23. a3 Nd5 24. Nd2 Bg5 25. Nxd5 cxd5 26. Nf3 Ra6 27. Qc3 Be7
28. Ne1 Rg6 29. Rd2 Qd7 30. f4 Rb6 31. Nc2 Bf6 32. Rf2 Rbe6 33. Rf3 Re4 34. Re1
g6 35. Re2 h5 36. Re1 Qa7 37. Ref1 Kg7 38. g3 Qa4 39. Nb4 Qa8 40. Kg2 Qb7 41.
h3 Qd7 42. R1f2 Be7 43. Nc2 f5 44. Rf1 Bf6 45. h4 Ra8 46. b4 Qa7 47. Ra1 Re6
48. Rf2 Qa4 49. Rb1 Qa7 50. Rd2 Qe7 51. Rh1 Rea6 52. Kf2 Qe4 53. Ra1 Ra4 54.
Re1 Be7 55. Rc1 Bd6 56. Re1 Qe7 57. Rb1 R8a7 58. Re1 Rxa3 59. Nxa3 Bxb4 60.
Nxb5 Bxc3 61. Nxc3 Qb4 62. Rc2 Qb3 63. Ree2 Ra1 64. Na2 Kh6 65. Red2 Rd1 66.
Re2 Qb1 67. Nc3 Rf1+ 68. Kg2 Rg1+ 69. Kf3 Qf1+ 70. Rf2 Qh3 71. Rg2 Rf1+ 72.
Rcf2 Qg4# 0-1

[Event "European Youth Chess Championship B12"]
[Site "Prague, Top Hotel Prague"]
[Date "2016.08.18"]
[Round "1.14"]
[White "Musyuk, Lior"]
[Black "Poltorak, Sebastian"]
[Result "0-1"]
[WhiteElo "2087"]
[BlackElo "1763"]
[PlyCount "82"]
[EventDate "2016.08.18"]

1. e4 c6 2. d4 d5 3. Nc3 dxe4 4. Nxe4 Bf5 5. Ng3 Bg6 6. h4 h6 7. Nf3 Nd7 8. h5
Bh7 9. Bd3 Bxd3 10. Qxd3 e6 11. Bd2 Ngf6 12. O-O-O Be7 13. Ne4 Nxe4 14. Qxe4
Nf6 15. Qe2 Qd5 16. c4 Qe4 17. Qxe4 Nxe4 18. Be3 f5 19. Nd2 Nxd2 20. Rxd2 O-O-O
21. Rhd1 Bb4 22. Rd3 Rd7 23. c5 a6 24. a3 Ba5 25. b4 Bc7 26. f4 Bd8 27. Kc2 Rg8
28. g3 Bf6 29. Kb3 Rf8 30. Kc4 Kc7 31. a4 Ra8 32. Rb3 Rb8 33. b5 axb5+ 34. axb5
Bd8 35. Rdb1 Be7 36. Rg1 Bd8 37. g4 fxg4 38. Rxg4 Bf6 39. Rg6 Rbd8 40. Rb4 Rf8
41. bxc6 bxc6 0-1